| 000 | 00607nam a2200217Ia 4500 | ||
|---|---|---|---|
| 003 | GCL | ||
| 008 | 140319s9999 xx 000 0 ara d | ||
| 040 |
_aGCL / _cGCL |
||
| 082 | 0 | 4 |
_a320.531 _bل ب |
| 100 | 1 | _aلطفى الخولى | |
| 245 | 1 | 0 |
_aالبحث عن ستالين ديمقراطى / _cلطفى الخولى |
| 490 | _a | ||
| 650 | 0 | 4 | _aالاتحاد السوفيتى |
| 650 | 0 | 4 | _aالشيوعية |
| 650 | 0 | 4 | _aالاشتراكية |
| 650 | 0 | 4 | _aالمذاهب السياسية |
| 650 | 0 | 4 | _aجورباتشوف |
| 650 | 0 | 4 | _aيلتسن |
| 650 | 0 | 4 | _aستالين |
| 942 |
_2ddc _cBK |
||
| 999 |
_c39265 _d39265 |
||